=LDR 00000nam 2200000 4500 =001 INLIS000000000027843 =005 20130612130205 =008 ***********************************Ind** =035 ##$$0010-061300000027843 =041 ##$$a Ind =082 ##$$a 625.5 =090 ##$$a 625.5, And d =100 ##$$a Andrianto, Petrus =245 ##$$a Kapita selekta dermato-venerologi, oleh Petrus Andrianto =260 ##$$a 1988 $b Jakarta =300 ##$$a ix, 166 hlm, 17 cm =650 ##$$a Kulit =850 ##$$a NBPNMAT